Detalles MARC
| 000 -LIDER |
| fixed length control field |
00896nam a22002897a 4500 |
| 001 - NÚMERO DE CONTROL |
| Identificador de número de control |
0074 |
| 003 - IDENTIFICACDOR DE NÚMERO DE CONTROL |
| control field |
DO-SdBNP |
| 005 - DATE AND TIME OF LATEST TRANSACTION |
| control field |
20180119091829.0 |
| 007 - CAMPOS FIJOS DE DESCRIPCIÓN FÍSICA |
| fixed length control field |
0074 |
| 008 - ELEMENTOS DE LONGITUD FIJA |
| fixed length control field |
151021b sp 1968 xxu||||| |||| 00| 0 spa d |
| 040 ## - FUENTE DE CATALOGACIÓN |
| Agencia que crea de manera original el registro |
BPMSU |
| Idioma de catalogación |
spa |
| Agencia que realiza la transcripción |
BPMSU |
| 092 ## - LOCALLY ASSIGNED DEWEY DECIMAL CALL NUMBER |
| Número de clasificación |
xxxxxxx |
| Número de ítem (Cutter) |
xxxxxxx |
| 100 10 - ASIENTO PRINCIPAL -- NOMBRE PERSONAL |
| Nombre personal |
Blyton, Enid |
| Fechas asociadas con el nombre |
1897-1968 |
| 240 1# - TITULO UNIFORME |
| Título uniforme |
Five have a wonderful time / |
| 245 14 - MENCIÓN DE TITULO |
| Título |
Los cinco lo pasan estupendo / |
| Mención de responsabilidad |
Enid Blyton ; traducción Federico Ulsamer ; ilustración José Correas |
| 250 ## - MENCIÓN DE EDICION |
| Mención de edición |
2a ed. |
| 260 ## - PUBLICACIÓN, DISTRIBUCIÓN, ETC. (PIE DE IMPRENTA) |
| Lugar de publicación, distribución, etc |
Barcelona, España : |
| Nombre del editor, distribuidor, etc. |
Juventud, |
| Fecha de publicación, distribución, etc |
1968. |
| 300 ## - DESCRIPCIÓN FÍSICA |
| Extensión |
170 p. : |
| Otros detalles físicos |
il., |
| Dimensiones |
20 cm. |
| 490 10 - MENCIÓN DE SERIES |
| Mención de serie |
Los cinco |
| Volume/sequential designation |
32 |
| 700 10 - ASIENTO SECUNDARIO -- NOMBRE PERSONAL |
| Nombre personal |
Ulsamer, Federico, |
| Mención de responsabilidad |
tr. |
| 700 10 - ASIENTO SECUNDARIO -- NOMBRE PERSONAL |
| Nombre personal |
Correas, José, |
| Mención de responsabilidad |
il. |
| 830 00 - ASIENTO SECUNDARIO DE SERIE--TÍTULO UNIFORME |
| Título uniforme |
Los cinco |
| Número de la parte o sección de una obra |
32 |
| 942 ## - ADDED ENTRY ELEMENTS (KOHA) |
| Source of classification or shelving scheme |
Dewey Decimal Classification |
| Koha item type |
Libros |
| 945 ## - INFORMACIÓN DE PROCESAMIENTO LOCAL |
| Información de procesamiento local |
Inventariado, 2018 / YL |
| 956 ## - LOCAL ELECTRONIC LOCATION AND ACCESS (OCLC) |
| Nombre de host |
Brenda Tavárez |
| Número de acceso |
10 |
| Información de compresión |
BPMSU |
| 956 ## - LOCAL ELECTRONIC LOCATION AND ACCESS (OCLC) |
| Nombre de host |
Yngrid Lockward |
| Método de acceso |
YLOCKWARD |
| Materiales especificados |
10 |
| Campo enlazado y núm. de secuencia |
BPMSU |
| Información de compresión |
20161019 |